00530nam a2200169 a 450000100100000000500170001000800410002704000250006808200170009310000400011024500460015026000380019630000210023450400330025565000230028865100490031100002550420240422203112.0110217s2004 dr r 000 0 spa d aDO-SdBNPbspacBNPHU a362.8bS939p1 aSuárez Germán, Pedro A.,d1947-10aProblema sociales /cPedro A. Suárez G. aSanto Domingo :bLozano,c[s.f.]. a112 p. ;c22 cm. aBibliografía : p. 111-112. 0aProblemas sociales 4aRepública DominicanaxCondiciones Sociales